ភូតគាមរោគវិទ្យា pathologie vegetale (Record no. 8730)
[ view plain ]
| 000 -LEADER | |
|---|---|
| fixed length control field | 00297nam a22001217a 4500 |
| 040 ## - CATALOGING SOURCE | |
| Transcribing agency | HS |
| 082 ## - DEWEY DECIMAL CLASSIFICATION NUMBER | |
| Classification number | 632 |
| 100 ## - MAIN ENTRY--AUTHOR NAME | |
| Personal name | ងិន ឆាយ |
| 245 ## - TITLE STATEMENT | |
| Title | ភូតគាមរោគវិទ្យា pathologie vegetale |
| 260 ## - PUBLICATION, DISTRIBUTION, ETC. (IMPRINT) | |
| Place of publication | RUA |
| Name of publisher | ងិន ឆាយ |
| Year of publication | 1994 |
| 300 ## - PHYSICAL DESCRIPTION | |
| Number of Pages | 97p. |
| 942 ## - ADDED ENTRY ELEMENTS (KOHA) | |
| Koha item type | សៀវភៅភាសាខ្មែរ |
| 952 ## - LOCATION AND ITEM INFORMATION (KOHA) | |
| Withdrawn status [LOCAL, KOHA] | 0 |
| 952 ## - LOCATION AND ITEM INFORMATION (KOHA) | |
| Withdrawn status [LOCAL, KOHA] | 0 |
| 952 ## - LOCATION AND ITEM INFORMATION (KOHA) | |
| Withdrawn status [LOCAL, KOHA] | 0 |
| Permanent Location | Date acquired | Koha item type | Lost status | Shelving location | Barcode | Current Location | Full call number |
|---|---|---|---|---|---|---|---|
| Library Block C | 2016-08-11 | សៀវភៅភាសាខ្មែរ | C243 | RUA046280 | Library Block C | 632 ងិន 1994 C243 | |
| Library Block C | 2016-10-12 | សៀវភៅភាសាខ្មែរ | C237 | RUA045471 | Library Block C | 632 ងិន 1994 C237 | |
| Library Block C | 2016-10-13 | សៀវភៅភាសាខ្មែរ | C249 | RUA045132 | Library Block C | 632 ងិន 1994 C249 |